Los secretos de Dan Brown y La llave de Salomón / (Record no. 190433)

MARC details
000 -LEADER
campo de control de longitud fija 01100nam a2200301 4500
001 - NÚMERO DE CONTROL
campo de control 190433
003 - IDENTIFICADOR DE NÚMERO DE CONTROL
campo de control ES-MaACL
005 - FECHA Y HORA DE LA ÚLTIMA TRANSACCIÓN
campo de control 20240110151512.0
008 - DATOS DE LONGITUD FIJA--INFORMACIÓN GENERAL
campo de control de longitud fija 210326s2006 sp ae 001 0 spa
020 ## - NÚMERO INTERNACIONAL ESTÁNDAR DEL LIBRO
Número Internacional Estándar del Libro 84-96692-04-3
080 ## - NÚMERO DE LA CLASIFICACIÓN DECIMAL UNIVERSAL
Número de la Clasificación Decimal Universal 821.111(73) Brown, Dan 7 Solomon key.07
080 ## - NÚMERO DE LA CLASIFICACIÓN DECIMAL UNIVERSAL
Número de la Clasificación Decimal Universal 821.111(73) Brown, Dan 7 da Vinci code.07
080 ## - NÚMERO DE LA CLASIFICACIÓN DECIMAL UNIVERSAL
Número de la Clasificación Decimal Universal 003.29(0:82)
080 ## - NÚMERO DE LA CLASIFICACIÓN DECIMAL UNIVERSAL
Número de la Clasificación Decimal Universal 061.236(0:82)
100 1# - ENTRADA PRINCIPAL--NOMBRE DE PERSONA
Nombre de persona Taylor, Greg
Títulos y otros términos asociados al nombre (periodista)
9 (RLIN) 171115
245 14 - MENCIÓN DEL TÍTULO
Título Los secretos de Dan Brown y La llave de Salomón /
Mención de responsabilidad, etc. Greg Taylor ; [traducción, Mari Luz Ponce Hernández].
250 ## - MENCION DE EDICION
Mención de edición 1ª ed.
260 ## - PUBLICACIÓN, DISTRIBUCIÓN, ETC.
Lugar de publicación, distribución, etc. Barcelona :
Nombre del editor, distribuidor, etc. ViaMagna,
Fecha de publicación, distribución, etc. 2006.
300 ## - DESCRIPCIÓN FÍSICA
Extensión 175, [16] p. :
Otras características físicas il., planos ;
Dimensiones 23 cm.
600 17 - PUNTO DE ACCESO ADICIONAL DE MATERIA--NOMBRE DE PERSONA
Nombre de persona Brown, Dan.
9 (RLIN) 31983
650 #7 - PUNTO DE ACCESO ADICIONAL DE MATERIA--TÉRMINO DE MATERIA
Término de materia o nombre geográfico como elemento de entrada Códigos y claves-
Subdivisión general En la literatura.
9 (RLIN) 154546
650 #7 - PUNTO DE ACCESO ADICIONAL DE MATERIA--TÉRMINO DE MATERIA
Término de materia o nombre geográfico como elemento de entrada Sociedades secretas-
Subdivisión general En la literatura.
9 (RLIN) 171116
852 4# - LOCALIZACIÓN
Ubicación ES-MaACL
Número de control de estantería A-14633
itemnumber 197610
Sublocalización o colección R.152193
Ubicación en estantería Depósito 1
Signatura antigua Olim: N-7633
Donativo/Legado Donación: José Lázaro
903 ## - NOMBRE PERSONAL DE DONANTE
9 234219
a Lázaro García, José
e Donante
942 ## - ELEMENTOS DE ENTRADA SECUNDARIOS (KOHA)
Fuente del sistema de clasificación o colocación Clasificación decimal universal
Tipo de ítem Koha Libro impreso
Holdings
Estatus retirado Estado de pérdida Fuente del sistema de clasificación o colocación Estado de daño No para préstamo Biblioteca de origen Biblioteca actual Ubicación en estantería Fecha de adquisición Fuente de adquisición Total de préstamos Signatura topográfica completa Código de barras Visto por última vez Precio de reemplazo Tipo de ítem Koha
    Clasificación decimal universal     Biblioteca del Ateneo de Madrid Biblioteca del Ateneo de Madrid Depósito 1 26/03/2021 Donación   A-14633 1202455 23/02/2023 23/02/2023 Libro impreso